| 000 | 00420nam a2200181Ia 4500 | ||
|---|---|---|---|
| 001 | 14512 | ||
| 005 | 20260306164919.0 | ||
| 008 | 260306t1995||||xx |||||||||||||| ||spa|| | ||
| 041 | _aESP | ||
| 082 |
_a515.15 _bL25 V. 1 1995 |
||
| 100 |
_aLarson, Roland E. _eAUT |
||
| 245 | 0 |
_aCálculo: _by geometría analítica |
|
| 260 | _c1995 | ||
| 300 |
_a _c |
||
| 650 | _aGEN | ||
| 654 | _aCMA | ||
| 942 |
_cLIB _dJUS _fJUS _2ddc _n |
||
| 999 |
_c14512 _d14512 |
||